Hodnotenie výsledkov vzdelávania pracovníkov verejnej správy

Guardado en:
Detalles Bibliográficos
Autor principal: Liptáková, Erika
Formato: Capítulo de libro
Lenguaje:eslovaco
Etiquetas: Agregar Etiqueta
Sin Etiquetas, Sea el primero en etiquetar este registro!

MARC

LEADER 00000naa$a2200000$$$4500
001 0061414
005 20240502071705.0
041 0 |a slo 
044 |a SK 
245 1 0 |a Hodnotenie výsledkov vzdelávania pracovníkov verejnej správy  |c Erika Liptáková 
100 1 |a Liptáková, Erika